1438 1823 1412 1396 1070 1668 1804 1627 1417 1731 1009 1268 1841 1042 1560 1644 1035 1564 1196 1983 1321 1093 1446 1537 1818 1446 1801 1946 1284 1963 1458 1843 1074 1942 1365 1536 1574 1812 1350 1884 1615 1995 1044 1056 1928 1172 1627 1879 1420 1972 1744 1472 1137 1338 1631 1655 1552 1662 1589 1924 1738 1902 1110 1065 1601 1315 1544 1663 1070 1168 1223 1949 1473 1370 1328 1579 1389 1431 1261 1029 1533 1206 1133 1757 1870 1906 1749 1867 1464 1284 1531 1859 1344 1419 1787 1467 1795 1395 1543 BCNSPRNW ULIB Ver.6.0+V

เปลี่ยนเป็นภาษาไทย

Change to English
 แสดงรายละเอียดบรรณานุกรม
  กลับหน้าหลัก

Brief Record : Get Marc (ISO 2709) : E-mail record : QR code < ปิดหน้าต่าง
LEADER : 00000nam 2200000uu 4500
001    13399128794
003     ULIB
008    240913s2565||||th 000 0 tha d
020    ^a9786164437555
060 04 ^aWS420^bR165
245 00 ^aRamathibodi Handbook of Neonatology /^cโดย คณาจารย์สาขาวิชาทารกแรกเกิด
250    ^aพิมพ์ครั้งที่ 1
260    ^aกรุงเทพฯ :^bสาขาวิชาทารกแรกเกิด ภาควิชากุมารเวชศาสตร์คณะแพทยศาสตร์ โรงพยาบาลรามาธิบดี มหาวิทยาลัยมหิดล.,^c2565 ,[2022]
300    ^a196 หน้า ;^c18 ซม.
650  4 ^aกุมารเวชศาสตร์
650  4 ^aทารกแรกเกิด^xการดูแล^vคู่มือ
650  4 ^aทารกแรกเกิด, โรค
650  4 ^aทารกแรกเกิด^xการรักษา
653    ^aผลงานอาจารย์คณะแพทยศาสตร์โรงพยาบาลรามาธิบดี
945    ^p299^l0^i010815
999    ^aประนอม เกษจรัล
รายการนี้ยังไม่มีแท็ก
คุณยังไม่ได้ล็อกอิน คุณสามารถมีกิจกรรมร่วมกับเว็บไซต์ได้ แต่ต้องล็อกอินก่อน ::
  ล็อกอิน

รายการสื่อสารสนเทศ

ลำดับที่ ประเภท เลขเรียก/บาร์โค้ด สถานที่ สถานะ
1. วิทยาศาสตร์การแพทย์ และสุขภาพ
หนังสือสำรอง
สถานะ=หนังสือสำรอง
WS420 R165 ฉ.1 
  Barcode: 010815
ห้องสมุดวิทยาเขตสวรรค์ประชารักษ์
►หนังสือทั่วไป
บนชั้น

รายการใกล้เคียง
    หัวเรื่อง [กุมารเวชศาสตร์]
    หัวเรื่อง [ทารกแรกเกิด, โรค]

BibComment


ยังไม่เคยถูกคอมเมนท์

คอมเมนท์ทรัพยากรรายการนี้
  คอมเมนท์: Ramathibodi Hand..


 Copyright 2026. Bcnsprnw @Library